Song to Album: Taylor Swift Click Quiz (Easy) - Statistics

General Stats
  • This quiz has been taken 960 times
  • The average score is 22 of 25
Answer Stats
Hint Answer % Correct
Lover Lover
96%
Red Red
96%
Speak Now Speak Now
96%
Evermore Evermore
95%
Fearless Fearless
94%
Shake It Off 1989
92%
Midnight Rain Midnights
92%
Look What You Made Me Do Reputation
92%
Anti-Hero Midnights
91%
Wildest Dreams 1989
89%
ME! Lover
89%
Bejeweled Midnights
88%
All Too Well Red
87%
Our Song Taylor Swift
87%
Teardrops on my Guitar Taylor Swift
87%
You Belong With Me Fearless
86%
Cardigan Folklore
86%
22 Red
86%
Delicate Reputation
85%
Picture to Burn Taylor Swift
85%
Love Story Fearless
84%
Bad Blood 1989
83%
Willow Evermore
82%
Dear John Speak Now
81%
Story of Us Speak Now
74%
No matching quizzes found
Score Distribution
Percent of People with Each Score
Percentile by Number Answered
Your Score History
You have not taken this quiz